La novela costarricense contemporánea: una aproximación a la obra de Fernando Contreras Castro

Uloženo v:
Podrobná bibliografie
Hlavní autor: Morúa Torre, Ana Cecilia
Médium: Neznámo
Jazyk:Spanish
Vydáno: San José, Costa Rica Universidad de Costa Rica, Sistema de Estudios de Posgrado 2002
Témata:
Tagy: Přidat tag
Žádné tagy, Buďte první, kdo vytvoří štítek k tomuto záznamu!

MARC

LEADER 00000 a2200000 4500
008 190319b ||||| |||| 00| 0 spa d
999 |c 30845  |d 30845 
040 |a cru BVZT 
090 |a TESIS 856 
100 |a Morúa Torre, Ana Cecilia 
245 |a La novela costarricense contemporánea: una aproximación a la obra de Fernando Contreras Castro  |c Ana Cecilia Morúa Torre 
260 |a San José, Costa Rica  |b Universidad de Costa Rica, Sistema de Estudios de Posgrado  |c 2002 
300 |a 228 páginas 
650 |a TRABAJO FINAL DE GRADUACIÓN  |9 237 
650 |a SISTEMA DE ESTUDIOS DE POSGRADO 
650 |a LA NOVELA COSTARRICENSE CONTEMPORÁNEA 
650 |a ESTUDIO DE LAS NOVELAS DE FERNANDO CONTRERAS CASTRO 
650 |a INTERTEXTOS CERVANTINOS EN ÚNICA MIRANDO AL MAR 
650 |a INTERTEXTUALIDAD RELIGIOSA EN LOS PEOR 
650 |a NOSTALGIA Y LA MEMORIA EN LA NOVELA EL TIBIO RECINTO DE LA OSCURIDAD 
942 |2 z  |c TFG